Európska bezpečnostná a obranná politika - ekonomický aspekt bakalárska práca

Gespeichert in:
Bibliographische Detailangaben
1. Verfasser: Kiszely, Barbara
Körperschaft: Fakulta medzinárodných vzťahov EU. Katedra medzinárodných ekonomických vzťahov a hospodárskej diplomacie
Weitere Verfasser: Štefančíková, Michaela
Format: Buch
Sprache:Slowakisch
Veröffentlicht: Bratislava 2010
Tags: Tag hinzufügen
Keine Tags, Fügen Sie das erste Tag hinzu!

MARC

LEADER 00000nam$a2200000$$$4500
001 0137108
005 20240320074106.2
041 0 |a slo 
044 |a SK 
245 1 0 |a Európska bezpečnostná a obranná politika - ekonomický aspekt  |b bakalárska práca  |c Barbara Kiszely ; školiteľ: Michaela Štefančíková 
264 1 |a Bratislava  |c 2010 
300 |a 48 s. 
100 1 |a Kiszely, Barbara 
700 1 |a Štefančíková, Michaela 
710 2 |a Fakulta medzinárodných vzťahov EU. Katedra medzinárodných ekonomických vzťahov a hospodárskej diplomacie